| 000 | 00740nab a2200157 a 4500 | ||
|---|---|---|---|
| 005 | 20241018122229.0 | ||
| 007 | ta | ||
| 008 | 241018e2022 dr |||||r||||||0| | spa d | ||
| 040 |
_aDO-SdBNP _cBNPHU _erda |
||
| 041 | _hspa | ||
| 100 | 1 |
_aRisco Bermúdez, René del, _d1937-1972 _912315 |
|
| 245 |
_aRené del Risco Bermúdez : _bcinco décadas de un adiós prolongado. |
||
| 300 | _apáginas 36-37. | ||
| 520 | _aEl 20 de diciembre de 2022, hará cincuenta años de la partida notablemente a destiempo de René del Risco Bermúdez, principal voz de la generación de posguerra, reputado publicista y ser humano de intensa sensibilidad social y artística. | ||
| 942 |
_2ddc _cISSUE _hEdición 2. Julio 2022 |
||
| 999 |
_c57914 _d57914 |
||